Les Villes qui ont accueilli la finale de Champions League - Statistiques

Statistiques générales
  • Ce quiz a été pris 824 fois
    105 depuis la dernière actualisation
  • Le résultat moyen est 56 sur 70
Statistiques - réponses
Année Ville % Correct
1956 Paris
100%
1975 Paris
100%
1981 Paris
100%
2000 Saint-Denis
100%
2006 Saint-Denis
100%
2022 Saint-Denis
100%
1957 Madrid
98%
1969 Madrid
98%
1980 Madrid
98%
2010 Madrid
98%
2019 Madrid
98%
1979 Munich
98%
1993 Munich
98%
1997 Munich
98%
2012 Munich
98%
2025 Munich
98%
1989 Barcelone
97%
1999 Barcelone
97%
1963 Londres
97%
1968 Londres
97%
1971 Londres
97%
1978 Londres
97%
1992 Londres
97%
2011 Londres
97%
2013 Londres
97%
2024 Londres
97%
1977 Rome
93%
1984 Rome
93%
1996 Rome
93%
2009 Rome
93%
2015 Berlin
89%
2003 Manchester
89%
1965 Milan
89%
1970 Milan
89%
2001 Milan
89%
2016 Milan
89%
1967 Lisbonne
87%
2014 Lisbonne
87%
2020 Lisbonne
87%
2008 Moscou
86%
2005 Istanbul
83%
2023 Istanbul
83%
2021 Porto
83%
1983 Athènes
82%
1994 Athènes
82%
2007 Athènes
82%
1962 Amsterdam
76%
1998 Amsterdam
76%
1958 Bruxelles
73%
1966 Bruxelles
73%
1974 Bruxelles
73%
1985 Bruxelles
73%
2018 Kiev
71%
1986 Séville
65%
1964 Vienne
65%
1987 Vienne
65%
1990 Vienne
65%
1995 Vienne
65%
1960 Glasgow
63%
1976 Glasgow
63%
2002 Glasgow
63%
1973 Belgrade
59%
1961 Berne
54%
2017 Cardiff
49%
1972 Rotterdam
38%
1982 Rotterdam
38%
1959 Stuttgart
23%
1988 Stuttgart
23%
2004 Gelsenkirchen
19%
1991 Bari
18%
Aucun quiz correspondant
Distribution des résultats
% des personnes avec chaque résultat
Percentile par nombre de réponses
Votre historique - résultats
Vous n’avez pas pris ce quiz depuis la dernière actualisation